[Event "Junior Online 4NCL Division 4"]
[Site "online"]
[Date "2022.02.17"]
[EventDate "2022.02.17"]
[Round "3.17"]
[White "Kaye, Elliott"]
[WhiteElo "860"]
[WhiteTeam "Watford C"]
[Black "Tam, Brian"]
[BlackElo "1348"]
[BlackTeam "Hilsmark Juniors 1"]
[Result "0-1"]
[PlyCount "107"]

1. d4 Nf6 2. Bf4 e6 3. Nf3 Be7 4. e3 O-O 5. Nbd2 d5 6. c3 b6 7. Qc2 Bb7 8. Bg5 h6 9. Bxf6 Bxf6 10. Bd3 Nd7 11. Bh7+ Kh8 12. O-O-O g6 13. Bxg6 fxg6 14. Qxg6 Bg7 15. h4 Qf6 16. Qxf6 Rxf6 17. h5 c5 18. g4 Raf8 19. Rh3 cxd4 20. g5 R6f7 21. g6 Rf6 22. Rf1 dxc3 23. bxc3 d4 24. cxd4 Bxf3 25. Nxf3 Rxf3 26. Rh2 e5 27. dxe5 Bxe5 28. Rg2 Nc5 29. Rfg1 Bg7 30. a3 Rxf2 31. Rxf2 Rxf2 32. Re1 Bb2+ 33. Kd1 Bxa3 34. e4 Bb2 35. e5 Rf8 36. e6 Re8 37. Rg1 Kg7 38. Re1 Rxe6 39. Rxe6 Nxe6 40. Kc2 Bf6 41. Kd3 Nf4+ 42. Ke4 Nxh5 43. Kf5 a5 44. Ke4 a4 45. Kd3 b5 46. Kc2 b4 47. Kb1 b3 48. Kc1 a3 49. Kb1 a2+ 50. Kc1 a1=Q+ 51. Kd2 Qc3+ 52. Kd1 Qb2 53. Ke1 Qc2 54. Kf1 Qd2  0-1

[Event "Junior Online 4NCL Division 4"]
[Site "online"]
[Date "2022.02.17"]
[EventDate "2022.02.17"]
[Round "3.21"]
[White "Pan, Ailun"]
[WhiteElo "1220"]
[WhiteTeam "London Dragons Dysprosium"]
[Black "Xu, Ryan"]
[BlackElo "1000"]
[BlackTeam "London Dragons Einsteinium"]
[Result "1-0"]
[PlyCount "47"]

1. e4 e5 2. Nf3 Nc6 3. Bc4 f6 4. Nc3 Bc5 5. d3 Nh6 6. O-O Ng4 7. h3 Bxf2+ 8. Rxf2 Nxf2 9. Kxf2 Na5 10. Bd5 c6 11. Bb3 b5 12. Be3 b4 13. Nb1 Nxb3 14. axb3 a5 15. Nh4 g5 16. Qh5+ Kf8 17. Ng6+ Kg7 18. Nxh8 Qxh8 19. h4 gxh4 20. Qg4+ Kf7 21. Qxh4 d5 22. Qh5+ Kg7 23. Bh6+ Kg8 24. Qe8# 1-0

[Event "Junior Online 4NCL Division 4"]
[Site "online"]
[Date "2022.02.17"]
[EventDate "2022.02.17"]
[Round "3.25"]
[White "Xu, Ryan"]
[WhiteElo "1000"]
[WhiteTeam "London Dragons Einsteinium"]
[Black "Pan, Ailun"]
[BlackElo "1220"]
[BlackTeam "London Dragons Dysprosium"]
[Result "0-1"]
[PlyCount "50"]

1. e4 e5 2. Nf3 Nc6 3. Bc4 Nf6 4. Ng5 h6 5. Nxf7 Qe7 6. Nxh8 Nxe4 7. d3 Nd6 8. Bd5 g5 9. Ng6 Qf6 10. Qh5 Nf7 11. Be4 Bc5 12. Be3 Nd4 13. Kd1 d6 14. g3 Be6 15. h4 O-O-O 16. hxg5 hxg5 17. f4 exf4 18. gxf4 gxf4 19. Nxf4 Rh8 20. Qxh8+ Nxh8 21. Nh5 Bg4+ 22. Kc1 Bxh5 23. Rxh5 Qf1+ 24. Kd2 Qe2+ 25. Kc3 Qxc2# 0-1

[Event "Junior Online 4NCL Division 4"]
[Site "online"]
[Date "2022.02.17"]
[EventDate "2022.02.17"]
[Round "3.32"]
[White "Meyers, Grace"]
[WhiteElo "1002"]
[WhiteTeam "York Chessnuts Knights"]
[Black "Sethi, Ishaan"]
[BlackElo "1115"]
[BlackTeam "Wanstead Warriors D"]
[Result "1-0"]
[PlyCount "41"]

1. e4 e5 2. Nf3 Nc6 3. Bc4 Nf6 4. Nc3 Bc5 5. d3 d6 6. h3 O-O 7. b3 Qe7 8. O-O Be6 9. Bxe6 Qxe6 10. Nb5 Rac8 11. Bb2 Nd4 12. Nbxd4 exd4 13. Re1 Rce8 14. Qe2 Bb4 15. Nxd4 Bxe1 16. Nxe6 Rxe6 17. Qxe1 Rfe8 18. Qe3 Nxe4 19. dxe4 Rxe4 20. Qc3 R4e7 21. Qxg7# 1-0

[Event "Junior Online 4NCL Division 4"]
[Site "online"]
[Date "2022.02.17"]
[EventDate "2022.02.17"]
[Round "3.33"]
[White "Grigsby, David"]
[WhiteElo "800"]
[WhiteTeam "Wanstead Warriors D"]
[Black "Warburton, Alex"]
[BlackElo "1000"]
[BlackTeam "York Chessnuts Knights"]
[Result "1-0"]
[PlyCount "107"]

1. e4 e6 2. Nf3 d5 3. Nc3 Bb4 4. exd5 exd5 5. Nd4 Bxc3 6. dxc3 f5 7. Bd3 Ne7 8. Qf3 O-O 9. Nxf5 Bxf5 10. Bxf5 Rxf5 11. Qd1 c6 12. O-O Rf8 13. Re1 Nf5 14. Qg4 Nd7 15. b3 Ne5 16. Rxe5 Qf6 17. Bf4 Nh6 18. Qe6+ Kh8 19. Qxf6 Rxf6 20. Bxh6 gxh6 21. Rae1 Kg7 22. Re7+ Rf7 23. Rxf7+ Kxf7 24. Re3 Rd8 25. g3 d4 26. Rd3 dxc3 27. Rxd8 Ke7 28. Rd3 b5 29. Rxc3 b4 30. Rxc6 h5 31. Rc7+ Kd6 32. Rxa7 Kc5 33. Rxh7 Kd4 34. a4 bxa3 35. Ra7 Kc3 36. Rxa3 Kxc2 37. b4 Kb2 38. b5 Kxa3 39. b6 Ka4 40. b7 Kb5 41. b8=Q+ Kc4 42. f4 Kd5 43. Qh8 Ke4 44. Qxh5 Ke3 45. f5 Ke4 46. f6 Kd4 47. f7 Kc4 48. f8=Q Kb3 49. Qb5+ Kc3 50. Qfb4+ Kc2 51. Q5c5+ Kd3 52. Qcc3+ Ke2 53. Qbb2+ Kd1 54. Qcc1# 1-0

[Event "Junior Online 4NCL Division 4"]
[Site "online"]
[Date "2022.02.17"]
[EventDate "2022.02.17"]
[Round "3.34"]
[White "Geng, Daniel"]
[WhiteElo "900"]
[WhiteTeam "York Chessnuts Knights"]
[Black "Vege, Sanjith"]
[BlackElo "793"]
[BlackTeam "Wanstead Warriors D"]
[Result "1-0"]
[PlyCount "73"]

1. e4 e5 2. Nf3 Nc6 3. Nc3 Nf6 4. d4 Bb4 5. a3 Bxc3+ 6. bxc3 Nxe4 7. Qd3 Nf6 8. Nxe5 O-O 9. Nxc6 dxc6 10. Bg5 h6 11. Bxf6 Qxf6 12. Be2 Qe6 13. O-O Qf5 14. h3 Qxd3 15. Bxd3 a6 16. Rfe1 b5 17. c4 bxc4 18. Bxc4 Bf5 19. c3 Rae8 20. Rad1 Rxe1+ 21. Rxe1 Bd7 22. Re7 Bf5 23. Rxc7 a5 24. Rxc6 Bd7 25. Ra6 a4 26. Ra7 Bc6 27. d5 Ba8 28. Rxa4 Re8 29. d6 Bd5 30. Bxd5 Re1+ 31. Kh2 Rf1 32. d7 Rd1 33. d8=Q+ Kh7 34. Be4+ g6 35. Qxd1 f5 36. Qd7+ Kh8 37. Ra8# 1-0

[Event "Junior Online 4NCL Division 4"]
[Site "online"]
[Date "2022.02.17"]
[EventDate "2022.02.17"]
[Round "3.35"]
[White "Jiang, Aaron"]
[WhiteElo "986"]
[WhiteTeam "York Chessnuts Knights"]
[Black "Fearn, Elliot"]
[BlackElo "1100"]
[BlackTeam "Wanstead Warriors D"]
[Result "1-0"]
[PlyCount "59"]

1. e4 e6 2. Nc3 g6 3. Nf3 Bg7 4. e5 d5 5. d4 Ne7 6. Bg5 O-O 7. Bd3 Nbc6 8. a3 Nf5 9. Bxf5 exf5 10. Bxd8 Rxd8 11. O-O b6 12. Qe2 Re8 13. Nxd5 Rd8 14. Qc4 Be6 15. Qxc6 Bxd5 16. Qc3 Bxf3 17. Qxf3 Rxd4 18. Qxa8+ Bf8 19. Rad1 Rxd1 20. Rxd1 Kg7 21. Rd8 Be7 22. Rg8+ Kh6 23. Qf3 Bf6 24. exf6 Kg5 25. Re8 Kxf6 26. Qc3+ Kg5 27. g3 Kg4 28. f3+ Kh3 29. Rh8 f6 30. Rxh7# 1-0

[Event "Junior Online 4NCL Division 4"]
[Site "online"]
[Date "2022.02.17"]
[EventDate "2022.02.17"]
[Round "3.36"]
[White "Sethi, Ishaan"]
[WhiteElo "1115"]
[WhiteTeam "Wanstead Warriors D"]
[Black "Meyers, Grace"]
[BlackElo "1002"]
[BlackTeam "York Chessnuts Knights"]
[Result "0-1"]
[PlyCount "46"]

1. e4 e5 2. Nf3 Nc6 3. Bc4 Nf6 4. Nc3 Bc5 5. d3 h6 6. O-O d6 7. Re1 O-O 8. Be3 Bb4 9. Qd2 Bg4 10. Qe2 Qe7 11. a3 Bxc3 12. bxc3 Rfe8 13. Qd2 a6 14. Rab1 b5 15. Bd5 Nxd5 16. exd5 Na5 17. c4 Nb7 18. cxb5 a5 19. b6 Nc5 20. bxc7 Qf6 21. Qc3 Qg6 22. Bxc5 Bxf3 23. Qc4 Qxg2# 0-1

[Event "Junior Online 4NCL Division 4"]
[Site "online"]
[Date "2022.02.17"]
[EventDate "2022.02.17"]
[Round "3.37"]
[White "Warburton, Alex"]
[WhiteElo "1000"]
[WhiteTeam "York Chessnuts Knights"]
[Black "Grigsby, David"]
[BlackElo "800"]
[BlackTeam "Wanstead Warriors D"]
[Result "1-0"]
[PlyCount "43"]

1. e4 c6 2. Nc3 d5 3. d4 Nf6 4. e5 Nfd7 5. f4 Nb6 6. Nf3 Bf5 7. Bd3 e6 8. Bxf5 exf5 9. O-O N8d7 10. Re1 g6 11. e6 fxe6 12. Rxe6+ Be7 13. Re1 O-O 14. a4 Bb4 15. Qe2 Re8 16. Ne5 Nxe5 17. fxe5 Bxc3 18. bxc3 Nc4 19. e6 Qe7 20. g3 Qxe6 21. Qxe6+ Rxe6 22. Rxe6 1-0

[Event "Junior Online 4NCL Division 4"]
[Site "online"]
[Date "2022.02.17"]
[EventDate "2022.02.17"]
[Round "3.38"]
[White "Vege, Sanjith"]
[WhiteElo "793"]
[WhiteTeam "Wanstead Warriors D"]
[Black "Geng, Daniel"]
[BlackElo "900"]
[BlackTeam "York Chessnuts Knights"]
[Result "0-1"]
[PlyCount "58"]

1. e4 e5 2. Nf3 Nc6 3. d4 exd4 4. Nxd4 Nxd4 5. Qxd4 Nf6 6. Bc4 Bb4+ 7. c3 Ba5 8. b4 Bb6 9. Qd1 d6 10. O-O Nxe4 11. Qe1 d5 12. Bb5+ c6 13. Bd3 Bf5 14. g4 Bg6 15. Kh1 O-O 16. f3 Nd6 17. Be3 Bxd3 18. Rg1 Re8 19. Qc1 Bxe3 20. Qxe3 Rxe3 21. Nd2 Nc4 22. Nxc4 dxc4 23. Rgd1 Rxf3 24. Re1 h6 25. Re5 Rf2 26. Rae1 Qd6 27. Kg1 Rxa2 28. g5 hxg5 29. Rxg5 Qxh2# 0-1

[Event "Junior Online 4NCL Division 4"]
[Site "online"]
[Date "2022.02.17"]
[EventDate "2022.02.17"]
[Round "3.41"]
[White "Arun, Saiarya"]
[WhiteElo "935"]
[WhiteTeam "Cambridge Chess & Go B"]
[Black "Liu, Reuben"]
[BlackElo "961"]
[BlackTeam "Surrey Kings 4"]
[Result "1-0"]
[PlyCount "87"]

1. e4 c6 2. Nf3 d5 3. exd5 cxd5 4. Nc3 Bg4 5. Bb5+ Nc6 6. O-O a6 7. Ba4 b5 8. Bb3 Nf6 9. a4 e5 10. h3 Bh5 11. g4 Bg6 12. d4 e4 13. Nd2 Bd6 14. Bxd5 Nxd5 15. Nxd5 Bc7 16. h4 Qxd5 17. Re1 O-O 18. h5 Rae8 19. hxg6 fxg6 20. Re2 Nxd4 21. Re1 Nf3+ 22. Nxf3 exf3 23. Qxd5+ Kh8 24. Qxf3 Rxe1+ 25. Kg2 Rxf3 26. Kxf3 bxa4 27. b3 a3 28. g5 h6 29. gxh6 gxh6 30. c4 Rg1 31. Bb2+ Kh7 32. Rxg1 axb2 33. Rb1 Be5 34. Ke4 Bc3 35. c5 h5 36. c6 h4 37. c7 h3 38. c8=Q h2 39. Qh3+ Kg7 40. Qxh2 a5 41. Qc7+ Kf6 42. Qxc3+ Kg5 43. Rxb2 Kg4 44. Qxa5 1-0

[Event "Junior Online 4NCL Division 4"]
[Site "online"]
[Date "2022.02.17"]
[EventDate "2022.02.17"]
[Round "3.42"]
[White "Fairrie, Ralph"]
[WhiteElo "866"]
[WhiteTeam "Surrey Kings 4"]
[Black "Bhaskar, Pratyush"]
[BlackElo "907"]
[BlackTeam "Cambridge Chess & Go B"]
[Result "1/2-1/2"]
[PlyCount "82"]

1. e4 e5 2. Bc4 Bc5 3. Qh5 Qe7 4. Qxf7+ Qxf7 5. Bxf7+ Kxf7 6. Nf3 Nf6 7. Nxe5+ Ke8 8. Nc3 d6 9. Nc4 Ng4 10. Ne3 Nxf2 11. Kxf2 Bxe3+ 12. Kxe3 Rf8 13. Nd5 c6 14. Nc7+ Kd8 15. Nxa8 Be6 16. Nb6 axb6 17. c3 Bf7 18. d4 d5 19. a4 Re8 20. Rf1 Rxe4+ 21. Kf2 Rf4+ 22. Ke1 Re4+ 23. Kd2 c5 24. Rxf7 Rg4 25. Kc2 Rxg2+ 26. Kd1 Rxh2 27. Rxg7 Rh1+ 28. Kc2 h6 29. Rxb7 Kc8 30. Rf7 h5 31. Bg5 h4 32. Bxh4 Rxh4 33. Re1 Rh2+ 34. Kc1 Rh8 35. Ref1 Kd8 36. R1f6 Ke8 37. b3 Rh1+ 38. Kc2 Rh2+ 39. Kc1 Rh1+ 40. Kc2 Rh2+ 41. Kc1 Rh1+ 1/2-1/2

[Event "Junior Online 4NCL Division 4"]
[Site "online"]
[Date "2022.02.17"]
[EventDate "2022.02.17"]
[Round "3.43"]
[White "Ryten, Charlie"]
[WhiteElo "800"]
[WhiteTeam "Cambridge Chess & Go B"]
[Black "Choi, Ethan"]
[BlackElo "927"]
[BlackTeam "Surrey Kings 4"]
[Result "0-1"]
[PlyCount "56"]

1. e4 e5 2. Nf3 Nc6 3. Bc4 Nf6 4. Ng5 h6 5. Nxf7 Bc5 6. Nxd8 Kxd8 7. O-O d6 8. Nc3 Bh3 9. gxh3 h5 10. d3 Rh6 11. Bxh6 Na5 12. Bxg7 Ne8 13. Bh6 Kd7 14. Bb5+ c6 15. Bc4 Nf6 16. a3 Rg8+ 17. Kh1 Rg6 18. Bd2 h4 19. b4 Nxc4 20. dxc4 Bd4 21. Ne2 Bxa1 22. Qxa1 Nxe4 23. Bc3 d5 24. cxd5 cxd5 25. Bxe5 Nd2 26. Rd1 Ne4 27. Rxd5+ Ke6 28. Rb5 Nxf2# 0-1

[Event "Junior Online 4NCL Division 4"]
[Site "online"]
[Date "2022.02.17"]
[EventDate "2022.02.17"]
[Round "3.44"]
[White "Song, Meilin"]
[WhiteElo "835"]
[WhiteTeam "Surrey Kings 4"]
[Black "Odysseas Jones-Roumeliotis"]
[BlackElo "721"]
[BlackTeam "Cambridge Chess & Go B"]
[Result "0-1"]
[PlyCount "82"]

1. e4 e5 2. Nf3 Nc6 3. Nc3 Nf6 4. Bc4 Bc5 5. Ng5 O-O 6. Nxf7 Qe7 7. O-O b5 8. Bd5 Nb4 9. Nh6+ Kh8 10. Nf5 Qe8 11. Nxb5 c6 12. Nc7 Qg6 13. Ne7 Qh6 14. Bb3 Bxe7 15. Nxa8 Bd6 16. d4 Nxe4 17. Bxh6 gxh6 18. Re1 Nxf2 19. Qh5 Nxc2 20. Qxh6 Ng4 21. Qxf8+ Bxf8 22. Rf1 Nge3 23. Rxf8+ Kg7 24. Rxc8 Nxa1 25. Ba4 exd4 26. g3 d3 27. b4 Nac2 28. Re8 d2 29. Bxc2 Nxc2 30. Re7+ Kf6 31. Re2 d1=Q+ 32. Kf2 Qd4+ 33. Kf1 Ne3+ 34. Kf2 Nd1+ 35. Ke1 Nc3 36. Rd2 Qe4+ 37. Kf1 Qe3 38. Rxd7 Qe2+ 39. Kg1 Ne4 40. Rd8 Qf2+ 41. Kh1 Qf1# 0-1

[Event "Junior Online 4NCL Division 4"]
[Site "online"]
[Date "2022.02.17"]
[EventDate "2022.02.17"]
[Round "3.45"]
[White "Liu, Reuben"]
[WhiteElo "961"]
[WhiteTeam "Surrey Kings 4"]
[Black "Arun, Saiarya"]
[BlackElo "935"]
[BlackTeam "Cambridge Chess & Go B"]
[Result "1/2-1/2"]
[PlyCount "121"]

1. e4 e5 2. Nf3 Nc6 3. Bb5 Nf6 4. O-O Nxe4 5. Re1 Nf6 6. Nxe5 Be7 7. Nxc6 dxc6 8. Bc4 O-O 9. d4 Bb4 10. Bd2 Bd6 11. Bg5 Bxh2+ 12. Kxh2 Ng4+ 13. Kg1 Qxg5 14. Kf1 Nf6 15. Nc3 Bg4 16. Ne4 Nxe4 17. f3 Qh4 18. Rxe4 Rae8 19. Bd3 f5 20. Rf4 Qg3 21. Qd2 g5 22. Bc4+ Kh8 23. Rxg4 fxg4 24. Qxg5 gxf3 25. Qxg3 fxg2+ 26. Kxg2 b5 27. Bd3 Rg8 28. Qxg8+ Rxg8+ 29. Kf3 Rf8+ 30. Kg4 Rd8 31. Kh5 Rxd4 32. Kh6 Rh4+ 33. Kg5 Rd4 34. Rf1 Rd5+ 35. Kh6 Rd6+ 36. Kh5 Rd5+ 37. Kg4 h5+ 38. Kh4 Kg7 39. Rg1+ Kh6 40. Be4 Rd4 41. Rf1 Rxe4+ 42. Kh3 Re3+ 43. Kh4 a5 44. Rf6+ Kg7 45. Rxc6 a4 46. Kxh5 b4 47. Rxc7+ Kf8 48. Ra7 a3 49. bxa3 bxa3 50. Rc7 Re1 51. c4 Ra1 52. c5 Rxa2 53. Ra7 Rh2+ 54. Kg4 Rc2 55. Rxa3 Rxc5 56. Rf3+ Kg8 57. Rg3 Rc4+ 58. Kf3+ Kf7 59. Kf2 Rf4+ 60. Rf3 Rxf3+ 61. Kxf3 1/2-1/2

[Event "Junior Online 4NCL Division 4"]
[Site "online"]
[Date "2022.02.17"]
[EventDate "2022.02.17"]
[Round "3.46"]
[White "Bhaskar, Pratyush"]
[WhiteElo "907"]
[WhiteTeam "Cambridge Chess & Go B"]
[Black "Fairrie, Ralph"]
[BlackElo "866"]
[BlackTeam "Surrey Kings 4"]
[Result "1/2-1/2"]
[PlyCount "145"]

1. e4 e5 2. Nf3 Nc6 3. Nc3 Nf6 4. Bc4 Bc5 5. O-O O-O 6. d3 d6 7. Bg5 Bg4 8. Bxf6 gxf6 9. Qd2 Bxf3 10. gxf3 Ne7 11. Qh6 Re8 12. Qh5 Rf8 13. Qg4+ Ng6 14. Nd5 c6 15. Ne3 Bxe3 16. fxe3 Qe7 17. f4 exf4 18. exf4 Rfd8 19. f5 Qd7 20. Qh5 Nh8 21. Qg4+ Kf8 22. Kf2 Qc7 23. Rg1 Ke7 24. Qg7 Ke8 25. Bxf7+ Kd7 26. Be8+ Kxe8 27. Qxh8+ Kd7 28. Rg7+ Kc8 29. Rxc7+ Kxc7 30. Qxh7+ Kc8 31. Qh6 Kc7 32. Qxf6 Rf8 33. Qc3 b5 34. b4 a6 35. d4 Rh8 36. Kg2 Rag8+ 37. Kf2 Rxh2+ 38. Ke3 Rg3+ 39. Kf4 Rxc3 40. f6 Rh7 41. Kf5 Rxc2 42. Kg6 Rch2 43. f7 R2h6+ 44. Kg5 Rh8 45. Kf5 R6h7 46. Kf6 Rh6+ 47. Kg7 R6h7+ 48. Kf6 Rf8 49. Ke7 Rhxf7+ 50. Ke6 Rf6+ 51. Ke7 R6f7+ 52. Ke6 Kd8 53. Kxd6 Rd7+ 54. Kxc6 Rf6+ 55. Kc5 Rc7+ 56. Kd5 Rd6+ 57. Kxd6 Rd7+ 58. Kc5 Re7 59. Rf1 Rxe4 60. Rf8+ Re8 61. Rxe8+ Kxe8 62. Kb6 Kd7 63. Kxa6 Kc6 64. d5+ Kxd5 65. Kxb5 Kd4 66. a4 Kd5 67. a5 Kd6 68. a6 Kc7 69. Ka5 Kb8 70. b5 Kc7 71. b6+ Kb8 72. a7+ Ka8 73. Ka6 1/2-1/2

[Event "Junior Online 4NCL Division 4"]
[Site "online"]
[Date "2022.02.17"]
[EventDate "2022.02.17"]
[Round "3.47"]
[White "Choi, Ethan"]
[WhiteElo "927"]
[WhiteTeam "Surrey Kings 4"]
[Black "Ryten, Charlie"]
[BlackElo "800"]
[BlackTeam "Cambridge Chess & Go B"]
[Result "0-1"]
[PlyCount "120"]

1. e4 e5 2. Nf3 Nc6 3. Bc4 Bc5 4. d3 Nf6 5. Nc3 d6 6. Bg5 h6 7. Be3 Bxe3 8. fxe3 Bg4 9. h3 Bxf3 10. gxf3 O-O 11. Rg1 Re8 12. Qd2 Qd7 13. Qg2 Nh5 14. Bxf7+ Qxf7 15. O-O-O Rad8 16. h4 Nb4 17. f4 exf4 18. exf4 Nxf4 19. Qg4 h5 20. Qg5 Nh3 21. Qe3 Nxg1 22. Qxg1 Re7 23. Nd5 Nxd5 24. exd5 Qxd5 25. Qg6 Re6 26. Qg3 Qxa2 27. Rg1 Re7 28. Kd2 Qe6 29. Qg5 Qe2+ 30. Kc3 Qe5+ 31. Qxe5 dxe5 32. Rg6 Kh7 33. Rg5 g6 34. b4 Kh6 35. Rg3 Re6 36. Kc4 Rc6+ 37. Kb5 a6+ 38. Ka5 b6+ 39. Kxa6 Rxc2 40. Kb7 c5 41. b5 Rd7+ 42. Kxb6 Rc3 43. Ka5 Rb3 44. b6 Rb7 45. Ka6 R3xb6+ 46. Ka5 Rb5+ 47. Ka6 R7b6+ 48. Ka7 Rb3 49. Rg1 Rd6 50. Ra1 Rdxd3 51. Ra6 Ra3 52. Kb7 Rxa6 53. Kxa6 c4 54. Kb5 c3 55. Kb4 c2 56. Kc4 Rh3 57. Kd5 c1=Q 58. Ke6 Qc6+ 59. Kxe5 Re3+ 60. Kf4 Qf3# 0-1

[Event "Junior Online 4NCL Division 4"]
[Site "online"]
[Date "2022.02.17"]
[EventDate "2022.02.17"]
[Round "3.48"]
[White "Odysseas Jones-Roumeliotis"]
[WhiteElo "721"]
[WhiteTeam "Cambridge Chess & Go B"]
[Black "Song, Meilin"]
[BlackElo "835"]
[BlackTeam "Surrey Kings 4"]
[Result "0-1"]
[PlyCount "110"]

1. e4 e5 2. Nf3 Nc6 3. Nc3 Nf6 4. Bb5 Bc5 5. O-O O-O 6. Na4 Nxe4 7. Re1 Bxf2+ 8. Kf1 Bxe1 9. Qxe1 Ng5 10. Nxg5 Qxg5 11. d4 Qh5 12. Be2 Qxh2 13. dxe5 Qxe5 14. Qf2 Qf6 15. g4 Qxf2+ 16. Kxf2 Nd4 17. Bc4 Nxc2 18. Rb1 Nb4 19. a3 Nc2 20. Bg5 d6 21. Bd3 Nd4 22. Re1 Bxg4 23. Be7 h6 24. Bxf8 Rxf8 25. Kg3 b5 26. Nc3 Bf5 27. Bxb5 Nxb5 28. Nxb5 Bc2 29. Nd4 Bd3 30. b3 f5 31. Kf4 g5+ 32. Kf3 h5 33. Nxf5 Rxf5+ 34. Ke3 Bc2 35. Kd2 Bxb3 36. Re8+ Kf7 37. Rb8 Rf3 38. Ke2 g4 39. Ra8 h4 40. Rxa7 h3 41. Rxc7+ Ke6 42. Rc1 h2 43. Rd1 Bc4+ 44. Ke1 h1=Q+ 45. Kd2 Rf1 46. Rxf1 Qxf1 47. a4 Qf3 48. a5 d5 49. Kc1 Qe2 50. a6 Bxa6 51. Kb1 Qd2 52. Ka1 Ke5 53. Kb1 Kd4 54. Ka1 Kc3 55. Kb1 Qb2# 0-1

[Event "Junior Online 4NCL Division 4"]
[Site "online"]
[Date "2022.02.17"]
[EventDate "2022.02.17"]
[Round "3.51"]
[White "Greenwood, Jennifer"]
[WhiteElo "944"]
[WhiteTeam "Shropshire Juniors"]
[Black "Hari Prasad, Shivaani"]
[BlackElo "1000"]
[BlackTeam "Chess Challengers G"]
[Result "1-0"]
[PlyCount "85"]

1. e4 e5 2. Nf3 Nc6 3. Bc4 Nf6 4. d4 exd4 5. O-O Nxe4 6. Re1 f5 7. Nxd4 Bc5 8. Nc3 Qf6 9. Nxe4 fxe4 10. Rxe4+ Ne5 11. Bf4 d6 12. Bxe5 dxe5 13. Qh5+ g6 14. Qxe5+ Qxe5 15. Rxe5+ Kd8 16. Rxc5 Bf5 17. Nxf5 gxf5 18. Rd1+ Kc8 19. Be6+ Kb8 20. Rcd5 b6 21. Rd8+ Rxd8 22. Rxd8+ Kb7 23. Rxa8 Kxa8 24. Bxf5 c5 25. Bxh7 a5 26. Bd3 Kb7 27. f4 Kc6 28. g4 Kd5 29. f5 Kd4 30. b3 Kc3 31. f6 Kb4 32. f7 a4 33. f8=Q axb3 34. axb3 b5 35. Qb8 Kc3 36. Qxb5 Kd2 37. Qa5+ Kc1 38. Qa1+ Kd2 39. Kf1 Ke3 40. Qe5+ Kd2 41. Qe2+ Kc3 42. Qe5+ Kd2 43. Qe1# 1-0

[Event "Junior Online 4NCL Division 4"]
[Site "online"]
[Date "2022.02.17"]
[EventDate "2022.02.17"]
[Round "3.52"]
[White "Johnson, Nithilan"]
[WhiteElo "1000"]
[WhiteTeam "Chess Challengers G"]
[Black "Eden, George"]
[BlackElo "900"]
[BlackTeam "Shropshire Juniors"]
[Result "1-0"]
[PlyCount "67"]

1. e4 e5 2. Nf3 Nc6 3. Nc3 d6 4. Bc4 Nf6 5. O-O Be7 6. d3 Bg4 7. Be3 O-O 8. Qd2 Nb4 9. Ng5 d5 10. exd5 Nfxd5 11. a3 h6 12. axb4 Be6 13. Nxe6 Qd7 14. Nxf8 Bxf8 15. Nxd5 c6 16. Nc3 Bxb4 17. Ra4 Qe7 18. Rxb4 Qxb4 19. Qe2 Qxb2 20. Na4 Rd8 21. Nxb2 b5 22. Bxa7 bxc4 23. dxc4 e4 24. Qxe4 Ra8 25. Rd1 g6 26. Be3 Kh7 27. Qxc6 Ra2 28. Bd4 h5 29. Qe8 Kh6 30. Qxf7 Ra3 31. Be3+ g5 32. Qf6+ Kh7 33. Rd7+ Kg8 34. Qd8# 1-0

[Event "Junior Online 4NCL Division 4"]
[Site "online"]
[Date "2022.02.17"]
[EventDate "2022.02.17"]
[Round "3.53"]
[White "Bedford, Henry"]
[WhiteElo "900"]
[WhiteTeam "Shropshire Juniors"]
[Black "Chaturvedi, Arjun"]
[BlackElo "1000"]
[BlackTeam "Chess Challengers G"]
[Result "0-1"]
[PlyCount "76"]

1. d4 e5 2. dxe5 Qh4 3. g3 Qe4 4. f3 Qxe5 5. Bf4 Qa5+ 6. c3 g5 7. b4 Qb6 8. Bxg5 f6 9. Bd2 Bh6 10. a4 Bxd2+ 11. Qxd2 c6 12. a5 Qc7 13. Bh3 d5 14. Qe3+ Ne7 15. Bxc8 Qxc8 16. g4 f5 17. Nh3 fxg4 18. fxg4 Qxg4 19. Nf2 Qh4 20. O-O Rg8+ 21. Kh1 Kf8 22. Qf3+ Kg7 23. Qg2+ Kf8 24. Nd3+ Ke8 25. Qf3 Ng6 26. Qe3+ Kd8 27. Nc5 Re8 28. Nxb7+ Kd7 29. Nc5+ Kd8 30. Qf2 Qxf2 31. Rxf2 Rf8 32. Nb7+ Ke7 33. Rg2 Nf4 34. Rf2 Nd3 35. Rg2 Nf2+ 36. Kg1 Nh3+ 37. Kh1 Rf1+ 38. Rg1 Rxg1# 0-1

[Event "Junior Online 4NCL Division 4"]
[Site "online"]
[Date "2022.02.17"]
[EventDate "2022.02.17"]
[Round "3.54"]
[White "Kailaje, Vedant"]
[WhiteElo "940"]
[WhiteTeam "Chess Challengers G"]
[Black "Eden, Ava"]
[BlackElo "800"]
[BlackTeam "Shropshire Juniors"]
[Result "1-0"]
[PlyCount "39"]

1. d4 Nc6 2. Nf3 Nf6 3. Nc3 a5 4. Bf4 h5 5. e3 a4 6. Bc4 b6 7. O-O Ba6 8. Bxa6 Rxa6 9. Nb5 Ra5 10. Nxc7+ Qxc7 11. Bxc7 Ng4 12. Qd3 Ra7 13. Bf4 Rh6 14. Ne5 Nb4 15. Qe4 Rf6 16. d5 Rc7 17. Qxb4 Rxc2 18. Qxa4 Rd6 19. Qa8+ Rc8 20. Qxc8# 1-0

[Event "Junior Online 4NCL Division 4"]
[Site "online"]
[Date "2022.02.17"]
[EventDate "2022.02.17"]
[Round "3.55"]
[White "Hari Prasad, Shivaani"]
[WhiteElo "1000"]
[WhiteTeam "Chess Challengers G"]
[Black "Greenwood, Jennifer"]
[BlackElo "944"]
[BlackTeam "Shropshire Juniors"]
[Result "0-1"]
[PlyCount "136"]

1. e4 e5 2. Nf3 Nc6 3. Bc4 Nf6 4. Nc3 Bc5 5. O-O O-O 6. d3 d6 7. Bg5 h6 8. Bh4 Be6 9. Nd5 Bxd5 10. exd5 Ne7 11. Bxf6 gxf6 12. Nh4 Kh8 13. Qh5 Kh7 14. d4 Bxd4 15. Bd3+ f5 16. Nxf5 Nxf5 17. Qxf5+ Kg7 18. Qh7+ Kf6 19. Qxh6+ Ke7 20. Qg5+ f6 21. Qg7+ Rf7 22. Qg4 Qf8 23. Qe6+ Kd8 24. Bb5 a6 25. Bd3 Re7 26. Qg4 Rg7 27. Qe6 Re7 28. Qh3 Qf7 29. Qh8+ Re8 30. Qh6 Rg8 31. g3 Bxb2 32. Rab1 Bd4 33. Rfe1 b5 34. c4 bxc4 35. Bxc4 Ke7 36. Rb7 Rac8 37. Kh1 Qg7 38. Qh3 Bxf2 39. Qe6+ Kf8 40. Re2 Bc5 41. Re4 Qe7 42. Qxe7+ Kxe7 43. Rh4 Bb6 44. Rh7+ Kf8 45. Rh6 Kg7 46. Rh4 Rh8 47. Rg4+ Kf7 48. Bd3 Rh6 49. Ra7 Rch8 50. h4 f5 51. Bxf5 Kf6 52. Rxa6 Kxf5 53. Rg5+ Kf6 54. Ra3 Rg8 55. Rf3+ Ke7 56. Rgf5 Rhg6 57. Rf7+ Ke8 58. R7f5 Rxg3 59. Rxg3 Rxg3 60. Rh5 Rg1+ 61. Kh2 Kd7 62. Rh7+ Kc8 63. Rh8+ Kb7 64. h5 Bd4 65. Kh3 e4 66. h6 Bxh8 67. Kh4 e3 68. h7 e2 0-1

[Event "Junior Online 4NCL Division 4"]
[Site "online"]
[Date "2022.02.17"]
[EventDate "2022.02.17"]
[Round "3.56"]
[White "Eden, George"]
[WhiteElo "900"]
[WhiteTeam "Shropshire Juniors"]
[Black "Johnson, Nithilan"]
[BlackElo "1000"]
[BlackTeam "Chess Challengers G"]
[Result "0-1"]
[PlyCount "104"]

1. e4 d5 2. Nc3 d4 3. Nce2 Nf6 4. d3 e5 5. Ng3 Nc6 6. Nf5 Bxf5 7. exf5 Bd6 8. Nf3 O-O 9. Be2 Qd7 10. Nh4 Ne7 11. O-O Nxf5 12. Bg4 Nxg4 13. Qxg4 g6 14. Bd2 b5 15. c4 bxc4 16. dxc4 Qa4 17. b3 Qa3 18. Bc1 Qb4 19. Rb1 Nxh4 20. Bh6 Nf5 21. Bxf8 Rxf8 22. Rfc1 Qd2 23. Ra1 Nh6 24. Qd7 Qf4 25. c5 Ng4 26. f3 Qxh2+ 27. Kf1 Qh1+ 28. Ke2 Qxg2+ 29. Ke1 Qf2+ 30. Kd1 Qxf3+ 31. Kd2 Qe3+ 32. Kc2 Qe2+ 33. Kb1 Qd3+ 34. Kb2 Bxc5 35. Rxc5 Qd2+ 36. Rc2 Qe3 37. Qxg4 d3 38. Rxc7 Qd2+ 39. Ka3 Qa5+ 40. Kb2 Qxc7 41. Rc1 Qb6 42. Qd1 Qf2+ 43. Ka3 d2 44. Rc2 Rd8 45. b4 Rd3+ 46. Ka4 Qe3 47. Rc8+ Kg7 48. Qc1 dxc1=Q 49. Kb5 Qxc8 50. Ka5 Rd5+ 51. Ka4 Qc6+ 52. b5 Qxb5# 0-1

[Event "Junior Online 4NCL Division 4"]
[Site "online"]
[Date "2022.02.17"]
[EventDate "2022.02.17"]
[Round "3.57"]
[White "Chaturvedi, Arjun"]
[WhiteElo "1000"]
[WhiteTeam "Chess Challengers G"]
[Black "Bedford, Henry"]
[BlackElo "900"]
[BlackTeam "Shropshire Juniors"]
[Result "1-0"]
[PlyCount "31"]

1. e4 Nf6 2. Nc3 d5 3. Bb5+ c6 4. Bd3 dxe4 5. Nxe4 Nxe4 6. Bxe4 f5 7. Qh5+ g6 8. Qe2 fxe4 9. Qxe4 Bf5 10. Qe5 Rg8 11. Nf3 Bxc2 12. Nd4 Ba4 13. Qe6 Rh8 14. Nf3 c5 15. Ng5 Bd7 16. Qf7# 1-0